000 01229cam a2200337 a 4500
005 20260322212020.0
008 data
010 _a97-36169
020 _a0815126034
020 _a9780815126034
040 _aDNLM
_cDNLM
041 0 9 _aeng
044 _9United States
060 0 0 _aWY 160
_bS931 1998
245 0 0 _aStuart & Sundeen's principles and practice of psychiatric nursing /
_c[edited by] Gail W. Stuart, Michele T. Laraia.
246 3 0 _aPrinciples and practice of psychiatric nursing
246 3 _aStuart and Sundeen's principles and practice of psychiatric nursing
250 _a6th ed.
260 _aSt. Louis :
_bMosby,
_cc1998.
300 _axxiii, 915 p., 8 p. of plates :
_bill., ports.
500 _aRev. ed. of: Principles & practice of psychiatric nursing / [edited by] Gail Wiscarz Stuart, Sandra J. Sundeen. 5th ed. c1995.
504 _aIncludes bibliographical references and index.
650 1 2 _aPsychiatric Nursing
_xmethods
650 1 2 _aMental Disorders
_xnursing
700 1 _aStuart, Gail Wiscarz,
_d1949-
700 1 _aLaraia, Michele T.
700 1 _aSundeen, Sandra J.,
_d1940-
730 0 _aPrinciples & practice of psychiatric nursing.
996 _arev. CIP
_b19980303
001 data
999 _c437
_d437